Monster parade / (Record no. 1745)

MARC details
000 -LEADER
fixed length control field 01097cam a2200325 a 4500
005 - DATE AND TIME OF LATEST TRANSACTION
control field 20230926133827.0
020 ## - INTERNATIONAL STANDARD BOOK NUMBER
International Standard Book Number 9780375856389 (trade pb)
020 ## - INTERNATIONAL STANDARD BOOK NUMBER
International Standard Book Number 9780375956386 (lib. bdg.)
040 ## - CATALOGING SOURCE
Original cataloging agency DLC
Transcribing agency DLC
Modifying agency DLC
Language of cataloging eng
050 00 - LIBRARY OF CONGRESS CALL NUMBER
Classification number PZ8.3.C8183
Item number Mo 2009
082 00 - DEWEY DECIMAL CLASSIFICATION NUMBER
Classification number 310
Edition number 22
100 1# - MAIN ENTRY--PERSONAL NAME
Personal name Corey, Shana.
245 10 - TITLE STATEMENT
Title Monster parade /
Statement of responsibility, etc. by Shana Corey ; illustrated by Will Terry.
260 ## - PUBLICATION, DISTRIBUTION, ETC.
Place of publication, distribution, etc. New York :
Name of publisher, distributor, etc. Random House,
Date of publication, distribution, etc. 2009.
300 ## - PHYSICAL DESCRIPTION
Extent 24 pages :
Other physical details color illustrations ;
Dimensions 23 cm.
490 0# - SERIES STATEMENT
Series statement Step into reading. Step 2, reading with help
500 ## - GENERAL NOTE
General note "A sticker reader."
500 ## - GENERAL NOTE
General note "2 sticker sheets inside!"--Cover.
505 ## - FORMATTED CONTENTS NOTE
Formatted contents note F<br/>
520 ## - SUMMARY, ETC.
Summary, etc. Children dressed in monster costumes attend a community party, march in a Halloween parade, and go trick-or-treating.
521 0# - TARGET AUDIENCE NOTE
Target audience note 330<br/>
Source Lexile
521 0# - TARGET AUDIENCE NOTE
Target audience note F<br/>
Source Raz-Plus<br/>
650 #1 - SUBJECT ADDED ENTRY--TOPICAL TERM
Topical term or geographic name entry element Stories in rhyme.
650 #1 - SUBJECT ADDED ENTRY--TOPICAL TERM
Topical term or geographic name entry element Halloween
Form subdivision Fiction.
650 #1 - SUBJECT ADDED ENTRY--TOPICAL TERM
Topical term or geographic name entry element Monsters
Form subdivision Fiction.
700 1# - ADDED ENTRY--PERSONAL NAME
Personal name Terry, Will,
Dates associated with a name 1966-
Relator term illustrator
906 ## - LOCAL DATA ELEMENT F, LDF (RLIN)
a 7
b cbc
c orignew
d 1
e ecip
f 20
g y-gencatlg
942 ## - ADDED ENTRY ELEMENTS (KOHA)
Source of classification or shelving scheme Dewey Decimal Classification
Koha item type Books
Suppress in OPAC No
999 ## -
-- 1745
-- 1745
Holdings
Withdrawn status Lost status Source of classification or shelving scheme Damaged status Not for loan Collection Home library Current library Shelving location Date acquired Total Checkouts Full call number Barcode Date last seen Date last checked out Price effective from Koha item type
    Dewey Decimal Classification     Fiction Footprints International School Library Network Toul Kork Campus Footprints International School Library Network Toul Kork Campus Halloween Display TK Campus Room B401 09/26/2023 2 COR 310 PZ8.C8183 2023-0700 03/12/2026 01/14/2026 09/26/2023 Books